If the moon smiled / (Record no. 26028)
[ view plain ]
| 000 -LEADER | |
|---|---|
| fixed length control field | 00781nam a22002297a 4500 |
| 005 - DATE AND TIME OF LATEST TRANSACTION | |
| control field | 20190225150837.0 |
| 008 - FIXED-LENGTH DATA ELEMENTS--GENERAL INFORMATION | |
| fixed length control field | 080814t xxu||||| |||| 00| 1 eng d |
| 010 ## - LCCN (DPL NO) | |
| LC control number | B-284992 |
| 020 ## - INTERNATIONAL STANDARD BOOK NUMBER | |
| International Standard Book Number | 0140284729 |
| Terms of availability | 225.00 |
| 020 ## - INTERNATIONAL STANDARD BOOK NUMBER | |
| International Standard Book Number | 9780140284720 |
| Terms of availability | 225.00 |
| 035 ## - SYSTEM CONTROL NUMBER | |
| System control number | B-28492, B-215601, B-215613, B-215615 |
| 037 ## - SOURCE OF ACQUISITION | |
| Source of stock number/acquisition | UBH (Vender) |
| 040 ## - CATALOGING SOURCE | |
| Original cataloging agency | DPL |
| Language of cataloging | ENG |
| 082 ## - DEWEY DECIMAL CLASSIFICATION NUMBER | |
| Classification number | N |
| 100 ## - MAIN ENTRY--PERSONAL NAME | |
| Personal name | Lokuge, Chandani |
| 245 ## - TITLE STATEMENT | |
| Title | If the moon smiled / |
| Statement of responsibility, etc | by Chandani Lokuge |
| 260 ## - PUBLICATION, DISTRIBUTION, ETC. (IMPRINT) | |
| Place of publication, distribution, etc | New Delhi |
| Name of publisher, distributor, etc | Penguin Books |
| Date of publication, distribution, etc | 2000 |
| 270 ## - ADDRESS | |
| Address | 11, Community Centre, Panchsheel Park, |
| City | New Delhi |
| Postal code | 110017 |
| 300 ## - PHYSICAL DESCRIPTION | |
| Extent | 225p. |
| Dimensions | 20cm. (pbk) |
| 942 ## - ADDED ENTRY ELEMENTS (KOHA) | |
| Source of classification or shelving scheme | Dewey Decimal Classification |
| Item type | English Books |
| Classification part | N |
| Call number suffix | LOK |
| Withdrawn status | Lost status | Source of classification or shelving scheme | Damaged status | Not for loan | Collection code | Home library | Current library | Date acquired | Source of acquisition | Cost, normal purchase price | Total Checkouts | Full call number | Barcode | Date last seen | Copy number | Cost, replacement price | Koha item type |
|---|---|---|---|---|---|---|---|---|---|---|---|---|---|---|---|---|---|
| Dewey Decimal Classification | Fiction | Patel Nagar | Patel Nagar | 10/07/2018 | BPPD/Pub | 225.00 | 3 | N LOK | B-215601 | 06/12/2021 | 225.00 | English Books | |||||
| Dewey Decimal Classification | Fiction | R.K.Puram-8 | R.K.Puram-8 | 29/11/2021 | 225.00 | N LOK | B-215605 | 29/11/2021 | 1 | 225.00 | English Books | ||||||
| Dewey Decimal Classification | Fiction | Shahdara Branch | Shahdara Branch | 28/07/2018 | BPPD/PUB | 225.00 | N LOK | B-215613 | 28/07/2018 | 225.00 | English Books | ||||||
| Dewey Decimal Classification | Fiction | Vigyan Vihar | Vigyan Vihar | 25/02/2019 | BPPD/PUB | 225.00 | N LOK | B-215615 | 25/02/2019 | 225.00 | English Books | ||||||
| Dewey Decimal Classification | Fiction | Vinoba Puri | Vinoba Puri | 04/05/2009 | UBH/143/25.8.08/187/21.7.08/29.8.08 | 225.00 | 1 | N LOK | B-284992 | 30/01/2017 | 1 | 225.00 | English Books |
